000 00271 a2200097 4500
020 _a9789381579473
100 _aELAKKUVANA BHASKARA RAJ
_9106525
245 _aMENTAL HEALTH (PSYCHIATRIC)NURSING MSC 1ST & 2ND YEAR
250 _a2ND
260 _bEMMESS MEDICAL PUBLISHERS
_c2017
999 _c97424
_d97424